Science Quiz

Random Science or Anatomy Quiz
Score 0/26 Timer 03:00
0 Plays Today
Clue Word % Correct
The ___ bang theoryBig
98.9%
Charged atom or moleculeIon
93.1%
Nucleic acid carrying genetic informationDNA
92.5%
State of matterGas
90.8%
Institution for living animalsZoo
90.4%
Star round which the earth orbitsSun
89.7%
Silvery-white metalTin
88%
SI unit of electric currentAmp
87.7%
___ der Waals forceVan
86.9%
Sin, ___ and TanCos
86.5%
Maxilla and mandibleJaw
86%
SI unit of electrical resistanceOhm
81.8%
Cloudlike mass of water dropletsFog
77.4%
Clue Word % Correct
Natural oily heat-sensitive substanceWax
73.7%
Dec 31, 1999 computer bugY2K
72.9%
Fluid product of inflammationPus
71.9%
Cathode ___ tubeRay
71.3%
Born or PlanckMax
62.9%
David M. ___ or Yuan T. ___Lee
56.8%
Base 16 (Math)Hex
53.1%
Unit of work or energyErg
47.2%
Ununpentium (former name for Moscovium)Uup
44%
That which was to be demonstratedQED
37.8%
Klinefelter's syndrome XXY
36.5%
Sodium-potassium alloyNaK
36.3%
Unit of frequency (cycles per second)KHz
29.1%
Remove Ads.
Support Sporcle.
Get the best of Sporcle when you Go Orange. This ad-free experience offers more features, more stats, and more fun while also helping to support Sporcle. Thank you for becoming a member.

You're not logged in!

Compare scores with friends on all Sporcle quizzes.
OR
Log In

Show Comments

Extras

Top Quizzes Today


Score Distribution

Your Account Isn't Verified!

In order to create a playlist on Sporcle, you need to verify the email address you used during registration. Go to your Sporcle Settings to finish the process.

Report this User

Report this user for behavior that violates our Community Guidelines.

Details: